Loading...

Literature /

Bibliographic Details
Main Author: Mullik, B. R.
Format: Printed Book
Language:English
Published: S.Chand & Co., 1965.
Edition:3rd. ed.
Series:v1
LEADER 00401nam a2200145Ia 4500
008 150624b xxu||||| |||| 00| 0 eng d
100 |a Mullik, B. R. 
245 |a Literature /  |c B. R. Mullik 
250 |a 3rd. ed. 
260 |b S.Chand & Co.,  |c 1965. 
300 |a 98 p. 
490 |a v1 
942 |c BK 
999 |c 19929  |d 19929 
952 |0 1  |1 0  |4 0  |7 0  |9 19928  |a UL  |b UL  |c ST1  |d 1998-09-01  |l 0  |p 29821  |r 2012-10-27  |w 2012-10-27  |y BK